Cuestión femenina y maternidad en la Costa Rica de los años veinte /
Guardado en:
| Autor principal: | |
|---|---|
| Formato: | Texto |
| Materias: | |
| Etiquetas: |
Agregar Etiqueta
Sin Etiquetas, Sea el primero en etiquetar este registro!
|
MARC
| LEADER | 00000 a a2200000 04500 | ||
|---|---|---|---|
| 001 | 15544 | ||
| 003 | |||
| 040 | |||
| 100 | |a Mora Carvajal, Virginia María | ||
| 245 | |a Cuestión femenina y maternidad en la Costa Rica de los años veinte / |c Virginia María Mora Carvajal | ||
| 650 | |a ROL DE LA MUJER | ||
| 650 | |a ANALISIS DE GENERO | ||
| 650 | |a HISTORIA SOCIAL | ||
| 650 | |a POLITICA FAMILIAR | ||
| 650 | |a SERVICIOS DE CUIDADO DE NIÑOS | ||
| 650 | |a CAMBIO SOCIAL | ||
| 650 | |a HISTORIA POLITICA | ||
| 773 | |g número 11 -12; páginas 31-54 | ||
| 999 | |c 33877 |d 33877 | ||
